Private International Law in Nigeria (Record no. 43609)

MARC details
003 - CONTROL NUMBER IDENTIFIER
control field 0198967
005 - DATE AND TIME OF LATEST TRANSACTION
control field 20250827164851.0
008 - FIXED-LENGTH DATA ELEMENTS--GENERAL INFORMATION
fixed length control field 250827b |||||||| |||| 00| 0 eng d
020 ## - INTERNATIONAL STANDARD BOOK NUMBER
International Standard Book Number 978-1-50991-113-4
040 ## - CATALOGING SOURCE
Transcribing agency Nile University of Nigeria, Abuja.
Description conventions rda
050 ## - LIBRARY OF CONGRESS CALL NUMBER
Classification number KC 341 .05
082 ## - DEWEY DECIMAL CLASSIFICATION NUMBER
Classification number KC 341 .O5
100 ## - MAIN ENTRY--PERSONAL NAME
Personal name Okoli, Adeshina Samuel Chukwuma
Dates associated with a name 2020
245 ## - TITLE STATEMENT
Title Private International Law in Nigeria
Statement of responsibility, etc Oppong, Frimpong Richard
260 ## - PUBLICATION, DISTRIBUTION, ETC. (IMPRINT)
Place of publication, distribution, etc New York ,USA
Name of publisher, distributor, etc Hart Publishing
Date of publication, distribution, etc 2020
264 ## - PUBLICATION, DISTRIBUTION, ETC. (IMPRINT)
Place of publication, distribution, etc New York, USA
Name of publisher, distributor, etc Hart Publishing
Date of publication, distribution, etc 2020
300 ## - PHYSICAL DESCRIPTION
Other physical details xlvi, 473 pg., 30 cm.
336 ## - CONTENT TYPE
Source rdacontent
338 ## - CARRIER TYPE
Source rdacarrier
500 ## - GENERAL NOTE
General note Index
650 ## - SUBJECT ADDED ENTRY--TOPICAL TERM
Topical term or geographic name as entry element International Law
942 ## - ADDED ENTRY ELEMENTS (KOHA)
Source of classification or shelving scheme Library of Congress Classification
Koha item type Books
Holdings
Withdrawn status Lost status Source of classification or shelving scheme Damaged status Not for loan Permanent Location Current Location Date acquired Total Checkouts Full call number Barcode Date last seen Price effective from Koha item type
    Library of Congress Classification     Law Library Law Library 08/04/2025   KC 341.O5 0198967 08/27/2025 08/27/2025 Books
    Library of Congress Classification     Law Library Law Library 08/04/2025   KC 341.O5 0198968 08/27/2025 08/27/2025 Books
    Library of Congress Classification     Law Library Law Library 08/04/2025   KC 341.O5 0198969 08/27/2025 08/27/2025 Books